[Event "ARG-ch U18 Girls"]
[Site "Ibague"]
[Date "2024.03.15"]
[Round "3"]
[White "Garay Tocora, Juliana"]
[Black "Remolina Garcia, Mayra Xiomara"]
[Result "0-1"]
[WhiteElo "1536"]
[BlackElo "1757"]
[PlyCount "68"]
[EventDate "2024.03.14"]
[EventType "swiss"]
[EventRounds "7"]
[EventCountry "COL"]
[SourceTitle "CB12_2024"]
[SourceDate "2023.10.01"]
[SourceVersion "1"]
[SourceVersionDate "2023.10.01"]
[SourceQuality "1"]

1. e4 c5 2. Nf3 Nc6 3. Nc3 d6 4. Bc4 Nf6 5. d3 g6 6. Bg5 Bg7 7. Qd2 a6 8. h3 b5 9. Bd5 Nxd5 10. exd5 Nb8 11. 0-0 Bb7 12. Qc1 b4 13. Ne2 Bxd5 14. Nf4 Bxf3 15. gxf3 h6 16. Bxe7 Kxe7 17. Nd5+ Kf8 18. c3 a5 19. a3 bxc3 20. bxc3 Nd7 21. f4 Nf6 22. Ne3 Qd7 23. Kg2 Qc6+ 24. f3 Nh5 25. Nc4 Kg8 26. Rg1 d5 27. Ne5 Qf6 28. Ng4 Nxf4+ 29. Kh2 Qd6 30. Rg3 Ne2 31. Qe1 Nxg3 32. Qxg3 Qxg3+ 33. Kxg3 Bxc3 34. Rc1 Bd4 0-1

[Event "ARG-ch U18 Girls"]
[Site "Ibague"]
[Date "2024.03.15"]
[Round "2"]
[White "Gomez Cerrato, Angie Valentina"]
[Black "Remolina Garcia, Mayra Xiomara"]
[Result "1-0"]
[WhiteElo "1560"]
[BlackElo "1757"]
[PlyCount "133"]
[EventDate "2024.03.14"]
[EventType "swiss"]
[EventRounds "7"]
[EventCountry "COL"]
[SourceTitle "CB12_2024"]
[SourceDate "2023.10.01"]
[SourceVersion "1"]
[SourceVersionDate "2023.10.01"]
[SourceQuality "1"]

1. d4 Nf6 2. Bf4 c5 3. c3 Qb6 4. Qc2 e6 5. Nd2 d5 6. Ngf3 Nc6 7. e3 a6 8. Be2 Nh5 9. Bg3 Nxg3 10. hxg3 g6 11. e4 cxd4 12. Nxd4 Nxd4 13. cxd4 dxe4 14. Nxe4 Bg7 15. 0-0-0 Bd7 16. Kb1 Rc8 17. Qd2 f6 18. Rc1 Rxc1+ 19. Rxc1 Kf7 20. Nc5 Bc6 21. Qe3 Bd5 22. Bf3 Rd8 23. Bxd5 Rxd5 24. f4 h5 25. Rc2 Bf8 26. a3 Be7 27. Rc1 Rd6 28. f5 e5 29. Qh6 gxf5 30. Qxh5+ Kg7 31. Qxf5 Rxd4 32. Ne6+ Kf7 33. Nxd4 Qxd4 34. Rh1 Bf8 35. Rh7+ Bg7 36. Qc2 Kg8 37. Rh4 Qd7 38. Qc4+ Kf8 39. Qc5+ Kf7 40. Qc4+ Ke7 41. Qg4 Qxg4 42. Rxg4 Bh6 43. Kc2 Kd6 44. Rg6 Bg5 45. b4 Kc6 46. Kd1 b6 47. a4 a5 48. bxa5 bxa5 49. Rg8 Kc5 50. Rb8 Kc4 51. Ke2 Bc1 52. Rb5 Ba3 53. Rxa5 Kb4 54. Ra8 Kc5 55. Rf8 Kb4 56. Rxf6 Kxa4 57. Re6 Bb2 58. g4 Kb5 59. g5 Kc5 60. g6 Kd5 61. g7 Kxe6 62. g8Q+ Kf6 63. Ke3 Bc1+ 64. Ke4 Bb2 65. Qd8+ Kg7 66. Qc7+ Kg6 67. Qb6+ 1-0

[Event "Bucaramanga op"]
[Site "Bucaramanga"]
[Date "2023.09.08"]
[Round "5"]
[White "Sanchez Castellanos, German Alex"]
[Black "Remolina Garcia, Mayra Xiomara"]
[Result "1-0"]
[WhiteElo "2105"]
[BlackElo "1509"]
[PlyCount "49"]
[EventDate "2023.09.06"]
[EventType "swiss"]
[EventRounds "9"]
[EventCountry "COL"]
[SourceTitle "EXT 2024"]
[Source "ChessBase"]
[SourceDate "2023.10.10"]
[SourceVersion "1"]
[SourceVersionDate "2023.10.10"]
[SourceQuality "1"]

1. d4 d5 2. c4 c6 3. Nc3 Nf6 4. cxd5 cxd5 5. Bf4 Nc6 6. e3 a6 7. h3 Bf5 8. g4 Bg6 9. h4 h6 10. Nh3 e6 11. Rg1 Ne4 12. h5 Bh7 13. Nxe4 Bxe4 14. f3 Qa5+ 15. Kf2 Bh7 16. a3 Be7 17. b4 Qb6 18. Rc1 Bh4+ 19. Kg2 Ke7 20. Nf2 Bg5 21. Nh3 Bxf4 22. Nxf4 Rag8 23. Rc5 Qd8 24. Bxa6 bxa6 25. Rxc6 1-0

[Event "COL-ch U18 Girls"]
[Site "Bogota"]
[Date "2023.05.13"]
[Round "5"]
[White "Solano Trillos, Thaliana"]
[Black "Remolina Garcia, Mayra Xiomara"]
[Result "0-1"]
[WhiteElo "1334"]
[BlackElo "1494"]
[PlyCount "106"]
[EventDate "2023.05.11"]
[EventType "swiss"]
[EventRounds "7"]
[EventCountry "COL"]
[SourceTitle "CBM 214 Extra"]
[Source "ChessBase"]
[SourceDate "2023.07.31"]
[SourceVersion "1"]
[SourceVersionDate "2023.07.31"]
[SourceQuality "1"]

1. d4 d5 2. c4 c6 3. cxd5 cxd5 4. Bf4 Nc6 5. e3 Bf5 6. Nc3 e6 7. Be2 Bd6 8. Bxd6 Qxd6 9. h4 h6 10. Nf3 Nge7 11. 0-0 a6 12. Qb3 Qb4 13. Qxb4 Nxb4 14. Ne1 Rc8 15. Rc1 0-0 16. a3 Nbc6 17. Nd3 Na5 18. Na4 Rc6 19. Nb4 Rxc1 20. Rxc1 Rc8 21. Rxc8+ Nxc8 22. Nc5 Nd6 23. Kf1 Kf8 24. Ke1 Nac4 25. Nbd3 a5 26. Kd1 b6 27. Nd7+ Ke7 28. N7e5 f6 29. Nxc4 dxc4 30. Nc1 a4 31. f3 e5 32. e4 Bd7 33. d5 Bc8 34. Kd2 Bb7 35. Kc3 f5 36. Na2 fxe4 37. Bxc4 Nxc4 38. Kxc4 Ba6+ 39. Kb4 e3 40. Kc3 Bf1 41. g3 Be2 42. f4 e4 43. Nc1 Bf3 44. Kc2 Kd6 45. Kc3 Kxd5 46. f5 Ke5 47. Kb4 e2 48. Nxe2 Bxe2 49. Kxa4 Kxf5 50. Kb4 Kg4 51. a4 Kxg3 52. a5 bxa5+ 53. Kxa5 Bd3 0-1